Biblioteca y Centro de Documentación

Panorama social (Registro nro. 25996)

Detalles MARC
000 -CABECERA
Longitud fija campo de control 01373nas a2200385 c 4500
001 - NÚMERO DE CONTROL
Número de control 25996
003 - IDENTIFICADOR DE NÚMERO DE CONTROL
Identificador del número de control ES-MaCES
005 - FECHA Y HORA DE LA ÚLTIMA TRANSACCIÓN
Fecha y hora de la última transacción 20250327143407.0
007 - PHYSICAL DESCRIPTION FIXED FIELD--GENERAL INFORMAT
Campo fijo de descripción física cr |||||||||||
008 - CAMPO FIJO DE DESCRIPCIÓN FIJA--INFORMACIÓN GENERAL
Códigos de información de longitud fija   051227c2005 sp fr p | |spa d
017 ## - NÚMERO DE REGISTRO DE DERECHOS DE AUTOR Y DEPÓSITO LEGAL
Número de copyright o de depósito legal M 23401-2005
Agencia que asigna el número DL
022 1# - ISSN (INTERNATIONAL STANDARD SERIAL NUMBER)
Número Internacional Normalizado para Publicaciones Seriadas 1699-6852
035 ## - NÚMERO DE CONTROL DEL SISTEMA
Número de control del sistema CES20050000123p
040 ## - FUENTE DE CATALOGACIÓN
Centro catalogador de origen ES-MaCES
Lengua de catalogación spa
Centro transcriptor ES-MaCES
245 00 - MENCIÓN DE TÍTULO
Título Panorama social
Mención de responsabilidad, etc. Fundación de las Cajas de Ahorros (FUNCAS)
260 ## - PUBLICACIÓN, DISTRIBUCIÓN, ETC (PIE DE IMPRENTA)
Lugar de publicación, distribución, etc. Madrid
Nombre del editor, distribuidor, etc. Fundación de las Cajas de Ahorros (FUNCAS)
Fecha de publicación, distribución, etc. 2005-
300 ## - DESCRIPCIÓN FÍSICA
Extensión v.
Dimensiones 25 cm
310 ## - PERIODICIDAD ACTUAL DE LA PUBLICACIÓN
Periodicidad actual Semestral
362 0# - DATOS DE LA PUBLICACIÓN Y/O DESIGNACIÓN SECUENCIAL
Fecha de publicación y;o designación secuencial N. 1 (1er. sem. 2005) -
500 ## - NOTA GENERAL
Nota general Cerrada la suscripción de la ed. impresa, continua ed. electrónica
500 ## - NOTA GENERAL
Nota general Tít. tomado de la cub.
541 ## - NOTA DE LA FUENTE INMEDIANTE DE ADQUISICIÓN
Forma de adquisición Compra
650 #4 - ASIENTO SECUNDARIO DE MATERIA--TÉRMINO DE MATERIA
Término de materia o nombre geográfico como elemento inicial España
9 (RLIN) 26964
650 #4 - ASIENTO SECUNDARIO DE MATERIA--TÉRMINO DE MATERIA
Término de materia o nombre geográfico como elemento inicial indicador social
9 (RLIN) 27259
650 #4 - ASIENTO SECUNDARIO DE MATERIA--TÉRMINO DE MATERIA
Término de materia o nombre geográfico como elemento inicial condiciones sociales
9 (RLIN) 30469
653 10 - TÉRMINO DE INDEXACIÓN--NO CONTROLADO
Término no controlado Asuntos Sociales
710 2# - ENCABEZAMIENTO SECUNDARIO--NOMBRE CORPORATIVO
Nombre de entidad o nombre de jurisdicción como elemento inicial Fundación de las Cajas de Ahorros
Término indicativo de función ed.
9 (RLIN) 3800
853 21 - LEYENDAS Y PATRÓN--UNIDAD BIBLIOGRÁFICA BÁSICA
Segundo nivel de enumeración n.
Primer nivel de cronología Año
Segundo nivel de cronología mes
Continuidad en la numeración c
Frecuencia f
Patrón de regularidad pm06,12
856 4# - ACCESO ELECTRÓNICO
Identificador Uniforme del Recurso (URI) https://www.funcas.es/publicaciones/revistas/panorama-social/listado-panorama-social/
Texto del enlace texto completo desde n. 1 (2005)
866 #0 - FUENTES TEXTUALES--UNIDAD BIBLIOGRÁFICA BÁSICA
Holdings textuales 2005-2018,2020-
Nota pública Ubicación: DEPÓSITO - 55/1043
-- Ubicación: SALA - REV.-3.3.-1
905 ## - CES. DATOS REVISTA
Boletín de sumarios (Sirtex 591$a) Boletín B
Formato P-OL
Kardex
Abreviatura boletín PanSoc
Proceso A
942 ## - ELEMENTOS KOHA
Fuente de clasificaión o esquema Clasificación propia del CES
Koha [por defecto] tipo de item Periódicas
Parte de clasificación Asuntos Sociales
Existencias
Serie de enumeración ; cronología Número de registro Préstamos totales Tipo de item de Koha Fecha último préstamo Renovaciones totales
n. 1 (1er. sem. 2005) 063198   Periódicas    
n. 2 (2º sem. 2005) 063199   Periódicas    
n. 3 (1er. sem. 2006) 065449   Periódicas    
n. 4 (2º sem. 2006) 066865   Periódicas    
n. 5 (1er sem. 2007) 068645   Periódicas    
n. 6 (2º sem. 2007) 070075   Periódicas    
n. 7 (1er sem. 2008) 071819   Periódicas    
n. 8 (2º sem. 2008) 072939   Periódicas    
n. 9 (1er sem. 2009) 074685 1 Periódicas 02/02/2015  
n. 10 (2º sem. 2009) 075972   Periódicas    
n. 11 (1er sem. 2010) 077500 1 Periódicas 24/01/2017  
n. 12 (2º sem. 2010) 078381   Periódicas    
n. 13 (1er sem. 2011) 080140 1 Periódicas 02/11/2017  
n. 14 (2º sem. 2011) 080981   Periódicas    
n. 15 (1er sem. 2012) 081874   Periódicas    
n. 16 (2º sem. 2012) 082594   Periódicas    
n. 17 (1er sem. 2013) 083547   Periódicas    
n. 18 (2º sem. 2013) 084116 2 Periódicas 25/05/2016  
n. 19 (1er. sem. 2014) 087488   Periódicas    
n. 20 (2º sem. 2014) 087489   Periódicas    
n. 21 (1er. sem. 2015) 087490   Periódicas    
n. 22 (2º sem. 2015) 087491   Periódicas    
n. 23 (1er. sem. 2016) 087993   Periódicas    
n. 24 (2º sem. 2016) 088633 1 Periódicas 23/01/2018 1
n. 25 (1er. sem. 2017) 089441   Periódicas    
n. 26 (2º sem. 2017) 089916   Periódicas    
n. 27 (1er. sem. 2018) 090694 1 Periódicas 29/07/2019 2
n. 28 (2º sem. 2018) 091285 1 Periódicas 04/02/2019  
n. 31 (1er. sem. 2020) 093714   Periódicas    
n. 32 (2º sem. 2020) 093715   Periódicas    
n. 33 (1er. sem. 2021) 093716   Periódicas    
n. 34 (2º sem. 2021) 093717   Periódicas    
n. 35 (1er. sem. 2022) 093718   Periódicas    
n. 36 (2º sem. 2022) 093719   Periódicas    
n. 37 (1er. sem. 2023) 093720   Periódicas    
n. 38 (2º sem. 2023) 093721   Periódicas    
n. 39 (1er. sem. 2024) 093722   Periódicas    
n. 40 (2º sem. 2024) 096765   Periódicas    
n.41 (1º sem 2025) 203713   Periódicas    
n.42 (2º sem. 2025) 203714   Periódicas    
© CES, Consejo Económico y Social de España 2021